000 00926nam a2200205Ii 4500
003 JO-AjNU
008 230605s9999||||xx |||||||||||||| ||und||
040 _aJO-AjNU
_bara
_erda
_cJO-AjNU
041 _aara
050 1 4 _aF1419.A7.J3512 2006
100 3 _aمورينو، خوسي البيرتو واخرون؛ اشراف وترجمة عبد الواحد أكمير,
_eauthor
_919814
245 0 0 _aالجاليات العربية في أمريكا اللاتينية: دراسة حالات المكسيك - التشيلي - البرازيل - البيرو - الباراغواي - الارجنتين
250 _aط1
264 3 1 _aبيروت: مركز دراسات الوحدة العربية، 2006
300 _a358ص
336 _atext
_btxt
_2rdacontent
337 _aunmediated
_bn
_2rdamedia
338 _avolume
_bnc
_2rdacarrier
650 4 _aالجاليات العربية - امريكا اللاتينية
_919815
999 _aA6605
_c10173
_d10173